banner-ar

سحر ماديبا : (Record no. 65005)

MARC details
000 -الفاتح
حقل البيانات ثابتة الطول 01045nam a22002537a 4500
005 - وقت وتاريخ اخر تعامل مع التسجيلة
رقم الضبط 20240530110802.0
008 - عناصر البيانات ثابتة الطول - معلومات عامة
حقل البيانات ثابتة الطول 190211s2018 ua a a b 000 0 ara d
017 ## - رقم الايداع القانونى
المصدر ( الهيئة المختصة) مصر. دار الكتب
رقم الايداع القانونى 2015/21968
020 ## - الرقم الدولى المعيارى للكتب
الرقم الدولى المعيارى للكتاب 9789779204369
040 ## - مصدر الفهرسة
وكالة الفهرسة الأصلية EG-CaGPL
وكالة النسخ EG-CaGPL
082 04 - رقم تصنيف ديوى العشرى
رقم الطبعة 21
رقم التصنيف 398.5
رقم المادة ط/م س
100 1# - المدخل الرئيسى - إسم شخصى
الإسم الشخصى مانديلا ، نيلسون
245 10 - بيان العنوان
العنوان سحر ماديبا :
بقية العنوان اجمل الحكايات الشعبية الافريقية للاطفال /
بيان المسئوليه,etc اختيار وتقديم نيلسون مانديلا ؛ ترجمة هالة خيرى شريف
250 ## - بيان الطبعة
بيان الطبعة ط.1
260 ## - PUBLICATION, DISTRIBUTION, ETC. (IMPRINT)
تاريخ النشر أو التوزيع 2018 .
300 ## - الوصف المادى
التعداد 158 ص. ؛
أبعاد الوعاء 20 سم.
504 ## - تبصرة ببليوجرافية
تبصرة ببليوجرافية,الخ يشتمل على ارجاعات ببلوجرافية
650 07 - المدخل الاضافى بالموضوع-مصطلح موضوعى
مصطلح موضوعي الحكايات الشعبية
مصدر الرأس أو المصطلح qrmak
650 07 - المدخل الاضافى بالموضوع-مصطلح موضوعى
مصطلح موضوعي الحكايات الشعبية
مصدر الرأس أو المصطلح qrmak
التقسيم الفرعي الجغرافي افريقيا
651 ## - المدخل الاضافى بالموضوع - اسم جغرافى
مصدر الرأس أو المصطلح qrmak
700 0# - المدخل الاضافى - اسم شخصى
الإسم الشخصى هالة خيرى شريف
الدور مترجم
942 ## - عناصر المدخل الإضافي( كوها)
مصدر التصنيف او مخطط الترفيف Dewey Decimal Classification
Koha [default] item type كتاب
260 ## - PUBLICATION, DISTRIBUTION, ETC. (IMPRINT)
-- القاهرة :
-- المركز القومى للترجمة ،
Holdings
حالة التراجع حالة الفقد حالة تلف ليس للاعارة المكان المؤقت الموقع الحالى موقع الترفيف تاريخ الاكتساب اجمالي اﻻعارات رقم الطلب الباركود تاريخ اخر مشاهدة تاريخ تفعيل السعر نوع وعاء كوها
        مكتبة القاهرة الكبرى مكتبة القاهرة الكبرى   02/12/2019   398.5 ط/ م س 165542 02/12/2019 02/12/2019 كتاب

Powered By

EGPV